| 000 | 00687nam a22002057a 4500 | ||
|---|---|---|---|
| 999 |
_c189317 _d189317 |
||
| 005 | 20220923124940.0 | ||
| 010 | _aB-765678 | ||
| 020 |
_a9788120344921 _c450.00 |
||
| 037 | _bPHI Learning Private Limited | ||
| 082 | _a330.156 | ||
| 100 | _a Pailwar, Keshav Veena | ||
| 245 |
_aEconomic Environment of Business/ _cVeena Keshav Pailwar |
||
| 250 | _a3rd | ||
| 260 |
_aNew Delhi _bPHI Learining Priate Limited _c2012 |
||
| 270 |
_aM-97, Connaught Circus _bNew Delhi _e110001 |
||
| 300 |
_axxv,485p _bill. _c23cm (pb) |
||
| 500 | _aIndex | ||
| 942 |
_2ddc _cEN _h330.156 _mPAI |
||